Największe miasta w województwie opolskim - Statystyki

Ogólne statystyki
  • Ten quiz został rozwiązany 44 razy
  • Średni wynik to 8 z 10
Statystyki odpowiedzi
Populacja Miasto % Poprawnych
1 128 012 Opole
100%
3 43 580 Nysa
90%
4 35 491 Brzeg
85%
2 60 382 Kędzierzyn-Kożle
85%
5 23 396 Kluczbork
72%
6 20 887 Prudnik
72%
9 16 105 Krapkowice
67%
8 16 650 Namysłów
67%
7 17 776 Strzelce Opolskie
67%
10 13 435 Głuchołazy
56%
Nie znaleziono quizów pasujących do podanych kryteriów
Rozkład punktacji
Procent ludzi z każdym wynikiem
Percentyl według liczby udzielonych odpowiedzi
Twoja historia wyników
Nie rozwiązałeś tego quizu